Les villes qui ont déjà remporté la Ligue des Champions - Statistiques

Statistiques générales
  • Ce quiz a été pris 675 fois
  • Le résultat moyen est 19 sur 21
Statistiques - réponses
Pays Victoire(s) Ville % Correct
Allemagne 1974,1975,1976,2001,2013 Munich
99%
Espagne 1992,2006,2009,2011;2015 Barcelone
98%
Espagne 1956,1957,1958,1959,1960,1966,1998,2000,2002,2014,2016,2017 Madrid
98%
Angleterre 1968,1999,2008 Manchester
98%
France 1993 Marseille
98%
Italie 1963,1964,1965,1969,1989,1990,1994,2003,2007,2010 Milan
98%
Pays-Bas 1971,1972,1973,1995 Amsterdam
97%
Angleterre 1977,1978,1981,1984,2005 Liverpool
97%
Portugal 1961,1962 Lisbonne
96%
Angleterre 2012 Londres
96%
Portugal 1987,2004 Porto
96%
Italie 1985,1996 Turin
96%
Allemagne 1997 Dortmund
91%
Ecosse 1967 Glasgow
91%
Roumanie 1986 Bucarest
90%
Serbie 1991 Belgrade
89%
Pays-Bas 1970 Rotterdam
86%
Pays-Bas 1988 Eindhoven
75%
Allemagne 1983 Hambourg
75%
Angleterre 1979,1980 Nottingham
74%
Angleterre 1982 Birmingham
59%
Aucun quiz correspondant
Distribution des résultats
% des personnes avec chaque résultat
Percentile par nombre de réponses
Votre historique - résultats
Vous n’avez pas pris ce quiz